Environmental Science & Engineering / (Record no. 1176)

MARC details
000 -LEADER
Fixed length control field 00473nam a2200169 4500
003 - CONTROL NUMBER IDENTIFIER
Control field SEACOMMC
005 - DATE AND TIME OF LATEST TRANSACTION
Control field 20250512110821.0
008 - FIXED-LENGTH DATA ELEMENTS--GENERAL INFORMATION
Fixed length control field 250403b |||||||| |||| 00| 0 eng d
020 ## - INTERNATIONAL STANDARD BOOK NUMBER / ISBN
International Standard Book Number 81-8842-982-1
Price Rs.200.00
040 ## - CATALOGING SOURCE
Original cataloging agency SEACOMMC
082 ## - DEWEY DECIMAL CLASSIFICATION NUMBER
Classification number 333.7
Book Number A 539
100 ## - MAIN ENTRY--PERSONAL NAME
Personal name Anandan, P
245 1# - TITLE STATEMENT
Title Environmental Science & Engineering /
Statement of responsibility P. Anandan [and] R. Kumaravelan
260 ## - IMPRINT
Place of publication Hyderabad
Name of publisher Scitech Publications
Date of publication c2009
650 ## - SUBJECT ADDED ENTRY--TOPICAL TERM
Topical term Environment
942 ## - ADDED ENTRY ELEMENTS (KOHA)
Koha item type Books
Holdings
Withdrawn status Lost status Source of classification Damaged status Not for loan Home library Current library Shelving location Date acquired Total Checkouts Call number Accession number Date last seen Price effective from Koha item type Copy number
    Dewey Decimal Classification     SEACOM MANAGEMENT COLLEGE SEACOM MANAGEMENT COLLEGE Reference 06/03/2010   333.7 A 539 M-2835 03/04/2025 03/04/2025 Reference Books  
    Dewey Decimal Classification     SEACOM MANAGEMENT COLLEGE SEACOM MANAGEMENT COLLEGE   06/03/2010   333.7 A 539 M-2836 03/04/2025 03/04/2025 Books 1
    Dewey Decimal Classification     SEACOM MANAGEMENT COLLEGE SEACOM MANAGEMENT COLLEGE   06/03/2010   333.7 A 539 M-2837 03/04/2025 03/04/2025 Books 2
    Dewey Decimal Classification     SEACOM MANAGEMENT COLLEGE SEACOM MANAGEMENT COLLEGE   06/03/2010   333.7 A 539 M-2838 03/04/2025 03/04/2025 Books 3
    Dewey Decimal Classification     SEACOM MANAGEMENT COLLEGE SEACOM MANAGEMENT COLLEGE   06/03/2010   333.7 A 539 M-2839 03/04/2025 03/04/2025 Books 4
    Dewey Decimal Classification     SEACOM MANAGEMENT COLLEGE SEACOM MANAGEMENT COLLEGE   06/03/2010   333.7 A 539 M-2840 03/04/2025 03/04/2025 Books 5
    Dewey Decimal Classification     SEACOM MANAGEMENT COLLEGE SEACOM MANAGEMENT COLLEGE   06/03/2010   333.7 A 539 M-2841 03/04/2025 03/04/2025 Books 6
    Dewey Decimal Classification     SEACOM MANAGEMENT COLLEGE SEACOM MANAGEMENT COLLEGE   06/03/2010   333.7 A 539 M-2842 04/04/2025 04/04/2025 Books 7
    Dewey Decimal Classification     SEACOM MANAGEMENT COLLEGE SEACOM MANAGEMENT COLLEGE   06/03/2010   333.7 A 539 M-2843 04/04/2025 04/04/2025 Books 8
    Dewey Decimal Classification     SEACOM MANAGEMENT COLLEGE SEACOM MANAGEMENT COLLEGE   06/03/2010   333.7 A 539 M-2844 04/04/2025 04/04/2025 Books 9
© Seacom Engineering College, All rights reserved.    Powered by Koha